Normal view
MARC view
- تاليف بلومنتريت، مونثر؛ ترجمة خطاب، ترجمة محمود شيت
Entry Personal Name
001 - CONTROL NUMBER
- control field: 7129
003 - CONTROL NUMBER IDENTIFIER
- control field: JO-AjAnu
005 - DATE AND TIME OF LATEST TRANSACTION
- control field: 20230606071444.0
008 - FIXED-LENGTH DATA ELEMENTS
- fixed length control field: 230606|| aca||aabn | a|a d
040 ## - CATALOGING SOURCE
- Original cataloging agency: JO-AjAnu
- Transcribing agency: JO-AjAnu
100 ## - HEADING--PERSONAL NAME
- Personal name: تاليف بلومنتريت، مونثر؛ ترجمة خطاب، ترجمة محمود شيت
670 ## - SOURCE DATA FOUND
- Source citation: Work cat.: (JO-AjAnu)3690: تاليف بلومنتريت، مونثر؛ ترجمة خطاب، ترجمة محمود شيت, author, اسرار الحرب العالمية الثالثة في سيرة أبرز قائد الماني المشير فون رونشتد القائد الانسان